000 00425nam a2200181Ia 4500
005 20240823021258.0
008 240823s9999||||xx |||||||||||||| ||und||
041 _aENGLISH
082 _A050 P6
100 _aMathew K M Ed.
245 0 _aManorama Year Book 2007 (Tamil Book)
250 _a1st
260 _c2007
_bMalayala Man
500 _aYes
650 _aGeneral Studies
_bGeneral
942 _cBK
999 _c176688
_d176688